000 00282nam a2200121Ia 4500
008 220216s9999 xx 000 0 und d
100 _aSasidharan K K
245 0 _aLatex-coir nonslip maattukal
260 _bRubber
_c2012
300 _a21
650 _aLatex-coir mat
942 _cBS
999 _c51407
_d51407